00673nam a22002057a 450000500170000001000150001702000260003203500140005803700130007208200140008510000220009924501350012124600120025626000390026827000780030730000270038550000200041270000160043270000190044820170217123443.0 aENG-117289 a9789386062598c625.00 aEN-100821 bDBAD/PUB00a371.90472 aGlazzard,Jonathan10aTeaching and supporting children withspecial educational need and disabilitisin pramary schools /cby Jonathan Glazzard...[et..al] a2nd ed. aNew DelhibSAGE Publicationsc2017 aB1/I-1 Mohan Cooperative Industrial Area, Mathura RoadbNew Delhie110044 aviii,193p. c24cm(pbk) aIncludes index aStokoe,Jane aHughes, Alison